Hospodářská politika Sovětského svazu v podmínkách středoevropského regionu

Na minha lista:
Detalhes bibliográficos
Autor principal: Bezděková, Milada
Formato: Livro
Idioma:tcheco
Publicado em: Praha Ústřední ústav národohospodářského výzkumu 1991
Edição:1. vyd.
Colecção:Studijně rozborové a informační materiály
Assuntos:
Tags: Adicionar Tag
Sem tags, seja o primeiro a adicionar uma tag!

MARC

LEADER 00000nam a2200000 4500
001 c005488
005 20221214093737.3
041 0 |a cze 
044 |a CZ 
245 1 0 |a Hospodářská politika Sovětského svazu v podmínkách středoevropského regionu  |c Milada Bezděková 
250 |a 1. vyd. 
264 1 |a Praha  |b Ústřední ústav národohospodářského výzkumu  |c 1991 
300 |a 56 s. 
490 1 |a Studijně rozborové a informační materiály 
830 0 |a Studijně rozborové a informační materiály 
610 2 0 |a politika hospodárska 
610 2 0 |a ZSSR 
610 2 0 |a politika finančná 
610 2 0 |a vzťahy hospodárske medzinárodné 
610 2 0 |a transformácia 
610 2 0 |a hospodárstvo trhové 
610 2 0 |a vzťahy trhové 
610 2 0 |a ČSFR 
100 1 |a Bezděková, Milada